[Event "23rd EUR-ch"]
[Site "Vrnjacka Banja SRB"]
[Date "2023.03.06"]
[Round "4.130"]
[White "Erdogmus, Yagiz Kaan"]
[Black "Nadj Hedjesi, Balind"]
[Result "1-0"]
[WhiteElo "2445"]
[BlackElo "2223"]
[EventDate "2023.03.03"]
[PlyCount "71"]

1.e4 c5 2.Nf3 d6 3.d4 Nf6 4.Nc3 cxd4 5.Nxd4 Bd7 6.Bg5 e6 7.Ndb5 Bxb5 8.
Bxb5+ Nc6 9.Qf3 Be7 10.e5 dxe5 11.Bxc6+ bxc6 12.Qxc6+ Kf8 13.O-O Qc8 14.
Qf3 Rb8 15.Rad1 h6 16.Bc1 Nd7 17.b3 f5 18.Rfe1 Kg8 19.Na4 Kh7 20.c4 Rd8 
21.Bb2 Bf6 22.Rd6 e4 23.Qg3 Nb6 24.Bxf6 gxf6 25.Nc3 Rxd6 26.Qxd6 Rb7 27.c5
Rd7 28.Qxe6 Qxc5 29.Qxf6 Rd2 30.Nd1 Rxa2 31.Ne3 Rd2 32.b4 Qd4 33.Qxf5+ Kg7
34.Qe6 Qf6 35.Nf5+ Kg6 36.Ne7+ 1-0

[Event "23rd EUR-ch"]
[Site "Vrnjacka Banja SRB"]
[Date "2023.03.06"]
[Round "4.131"]
[White "Goroskov, Maksim"]
[Black "Spyropoulos, Nikolaos"]
[Result "1/2-1/2"]
[WhiteElo "2265"]
[BlackElo "2442"]
[EventDate "2023.03.03"]
[PlyCount "30"]

1.e4 Nf6 2.e5 Nd5 3.d4 d6 4.c4 Nb6 5.exd6 cxd6 6.Nf3 g6 7.Be2 Bg7 8.O-O 
O-O 9.Nc3 Nc6 10.h3 Bf5 11.Be3 d5 12.c5 Nc4 13.Bxc4 dxc4 14.Qa4 Bd3 15.Nd2
Qa5 1/2-1/2

[Event "23rd EUR-ch"]
[Site "Vrnjacka Banja SRB"]
[Date "2023.03.06"]
[Round "4.132"]
[White "Garsky, Vladyslav"]
[Black "Alonso Garcia, Aaron"]
[Result "1-0"]
[WhiteElo "2253"]
[BlackElo "2437"]
[EventDate "2023.03.03"]
[PlyCount "81"]

1.e4 e6 2.d4 d5 3.Nc3 Bb4 4.exd5 exd5 5.Bd3 Nf6 6.Nf3 Qe7+ 7.Qe2 Qxe2+ 8.
Kxe2 O-O 9.Nb5 Na6 10.c3 Be7 11.Bf4 c6 12.Nd6 Nh5 13.Bg3 Bxd6 14.Bxd6 Rd8 
15.Bg3 Bg4 16.Kd2 Bxf3 17.gxf3 g6 18.Rhe1 Rd7 19.Bxa6 bxa6 20.Re2 Kf8 21.
Be5 f6 22.Bg3 Re8 23.Rxe8+ Kxe8 24.Re1+ Kf7 25.c4 Ng7 26.cxd5 Rxd5 27.Rc1 
Rxd4+ 28.Ke1 Ne6 29.Rxc6 Ra4 30.a3 g5 31.Bd6 Nd4 32.Rc7+ Kg6 33.Kf1 a5 34.
Rxa7 Rc4 35.Rxa5 Nxf3 36.Rd5 g4 37.b4 f5 38.b5 f4 39.b6 Nd4 40.Rxd4 Rxd4 
41.b7 1-0

[Event "23rd EUR-ch"]
[Site "Vrnjacka Banja SRB"]
[Date "2023.03.06"]
[Round "4.133"]
[White "Miletic, Vuk"]
[Black "Seemann, Jakub"]
[Result "0-1"]
[WhiteElo "2231"]
[BlackElo "2424"]
[EventDate "2023.03.03"]
[PlyCount "69"]

1.d4 d5 2.Bf4 c5 3.e3 cxd4 4.exd4 Nc6 5.c3 Bf5 6.Nf3 e6 7.Qb3 Qd7 8.Nbd2 
f6 9.Be2 g5 10.Bg3 h5 11.h3 Nge7 12.a4 Ng6 13.a5 a6 14.Qa4 Bd6 15.Bxd6 
Qxd6 16.g3 Kf7 17.O-O-O h4 18.g4 Nf4 19.gxf5 Nxe2+ 20.Kb1 exf5 21.Rde1 Nf4
22.Qc2 Qd7 23.Nb3 Rae8 24.Nc5 Qc8 25.b4 Na7 26.Qb3 Nb5 27.Kb2 Nd6 28.Nd2 
Rxe1 29.Rxe1 Re8 30.Re3 Kg6 31.Kc2 Rxe3 32.fxe3 Ng2 33.Kd3 Qc6 34.Ke2 Qe8 
35.Qxd5 0-1

[Event "23rd EUR-ch"]
[Site "Vrnjacka Banja SRB"]
[Date "2023.03.06"]
[Round "4.134"]
[White "Celik, Hasan Huseyin"]
[Black "Shatil, Shir"]
[Result "1/2-1/2"]
[WhiteElo "2420"]
[BlackElo "2222"]
[EventDate "2023.03.03"]
[PlyCount "29"]

1.e4 c6 2.d4 d5 3.Nd2 dxe4 4.Nxe4 Bf5 5.Ng3 Bg6 6.h4 h6 7.Nh3 Nf6 8.Nf4 
Bh7 9.Bc4 e5 10.Qe2 Qxd4 11.O-O Nbd7 12.Rd1 Qb6 13.Nfh5 Bg6 14.Nf4 Bh7 15.
Nfh5 1/2-1/2

[Event "23rd EUR-ch"]
[Site "Vrnjacka Banja SRB"]
[Date "2023.03.06"]
[Round "4.135"]
[White "Levin, Guy"]
[Black "Stankovic, Boris"]
[Result "1-0"]
[WhiteElo "2419"]
[BlackElo "2208"]
[EventDate "2023.03.03"]
[PlyCount "81"]

1.e4 c5 2.Nc3 Nc6 3.g3 g6 4.Bg2 Bg7 5.d3 d6 6.Be3 e6 7.Qd2 Rb8 8.Nge2 Nd4 
9.O-O Ne7 10.Rab1 Nec6 11.a3 a5 12.Bxd4 Nxd4 13.Nxd4 cxd4 14.Nb5 Qb6 15.a4
Bd7 16.b4 axb4 17.Na3 Qc5 18.Qxb4 Qxb4 19.Rxb4 Bc6 20.Nc4 Kd7 21.f4 Kc7 
22.Nb6 Rhe8 23.a5 f5 24.Rc4 Rf8 25.Rb1 g5 26.e5 d5 27.Rxd4 gxf4 28.Re1 
fxg3 29.c4 Rbd8 30.cxd5 gxh2+ 31.Kxh2 exd5 32.Rh4 d4 33.e6 Rde8 34.Bxc6 
bxc6 35.Rxh7 Rh8 36.Rxh8 Bxh8 37.Kg3 Bf6 38.Kf4 Be7 39.Kxf5 Bb4 40.Re4 Kd6
41.e7 1-0

[Event "23rd EUR-ch"]
[Site "Vrnjacka Banja SRB"]
[Date "2023.03.06"]
[Round "4.136"]
[White "Milikow, Yoav"]
[Black "Glienke, Manfred"]
[Result "1-0"]
[WhiteElo "2416"]
[BlackElo "2201"]
[EventDate "2023.03.03"]
[PlyCount "57"]

1.d4 Nf6 2.c4 e6 3.Nc3 d5 4.cxd5 exd5 5.Bg5 Be7 6.e3 c6 7.Bd3 Nbd7 8.Nge2 
O-O 9.O-O Re8 10.Qc2 Nf8 11.Rad1 g6 12.f3 a5 13.a4 Ne6 14.Bh4 Nh5 15.Bf2 
Bh4 16.Nc1 Bxf2+ 17.Qxf2 f5 18.Bb1 Rf8 19.Rfe1 Ng5 20.Nd3 Nf7 21.Ba2 Kg7 
22.Rb1 Qd6 23.b4 axb4 24.Rxb4 Nf6 25.Qb2 Re8 26.Re2 Re7 27.Nc5 Nd8 28.e4 
fxe4 29.fxe4 1-0

[Event "23rd EUR-ch"]
[Site "Vrnjacka Banja SRB"]
[Date "2023.03.06"]
[Round "4.137"]
[White "Neverov, Valeriy"]
[Black "Valiev, Shahin"]
[Result "1-0"]
[WhiteElo "2414"]
[BlackElo "2201"]
[EventDate "2023.03.03"]
[PlyCount "104"]

1.c4 e6 2.Nf3 d5 3.g3 Nf6 4.Bg2 dxc4 5.Qa4+ Nbd7 6.Qxc4 a6 7.Qc2 c5 8.O-O 
b6 9.b3 Bb7 10.Bb2 Be7 11.d3 O-O 12.Nbd2 Rc8 13.Rad1 Nd5 14.e4 Nb4 15.Qb1 
Nc6 16.Qa1 Bf6 17.e5 Be7 18.Ne4 Nb4 19.Qb1 Bxe4 20.dxe4 Qc7 21.Rd2 Rfd8 
22.Rfd1 Nc6 23.Qa1 Ndb8 24.h4 b5 25.Bf1 Rxd2 26.Rxd2 Rd8 27.Rxd8+ Qxd8 28.
a4 b4 29.Qc1 Qc7 30.Kg2 a5 31.Bb5 Nd7 32.Qf4 Nb6 33.Nd2 h6 34.Nc4 Nxc4 35.
Bxc4 Nb8 36.Qd2 Nd7 37.f4 Nb6 38.Bb5 g6 39.Qd3 Qd8 40.Qxd8+ Bxd8 41.Bc1 h5
42.Be3 Be7 43.Kf3 Kg7 44.Bf2 Kh7 45.Be3 Kg7 46.g4 hxg4+ 47.Kxg4 Kg8 48.f5 
Kh7 49.f6 Bf8 50.Kf3 Kh8 51.Ke2 Kh7 52.Be8 Kg8 1-0

[Event "23rd EUR-ch"]
[Site "Vrnjacka Banja SRB"]
[Date "2023.03.06"]
[Round "4.139"]
[White "Tifferet, Shaked"]
[Black "Tutisani, Noe"]
[Result "0-1"]
[WhiteElo "2219"]
[BlackElo "2411"]
[EventDate "2023.03.03"]
[PlyCount "66"]

1.c4 b6 2.b3 Bb7 3.Bb2 e6 4.Nf3 f5 5.g3 Nf6 6.Bg2 Be7 7.O-O O-O 8.d4 Ne4 
9.Nfd2 d5 10.Nc3 Nc6 11.e3 Bf6 12.Rc1 Nb4 13.Ndb1 c5 14.a3 Na6 15.cxd5 
exd5 16.Ne2 g5 17.Rc2 Re8 18.Qc1 Rc8 19.Rd1 Qe7 20.Nbc3 Rcd8 21.Bh3 g4 22.
Nxe4 dxe4 23.Bf1 Bg5 24.Rcd2 h5 25.Nf4 Kh7 26.Qc3 cxd4 27.Rxd4 Bf6 28.Nxh5
Bxd4 29.Rxd4 Rxd4 30.Qxd4 Rd8 31.Qc4 Rc8 32.Qb5 Nc5 33.Qb4 Kg6 0-1

[Event "23rd EUR-ch"]
[Site "Vrnjacka Banja SRB"]
[Date "2023.03.06"]
[Round "4.140"]
[White "Petrekanovic, Miroslav"]
[Black "David, Alexandru-Vasile"]
[Result "0-1"]
[WhiteElo "2179"]
[BlackElo "2410"]
[EventDate "2023.03.03"]
[PlyCount "98"]

1.d4 d5 2.Nc3 Nf6 3.Bf4 a6 4.e3 e6 5.Nf3 b5 6.Bd3 Bb7 7.a3 Nbd7 8.Ne5 c5 
9.Qf3 Be7 10.g4 c4 11.Be2 Nxe5 12.Bxe5 O-O 13.Bxf6 Bxf6 14.g5 Bxg5 15.h4 
Bf6 16.Qg3 Bc6 17.f4 a5 18.Nd1 b4 19.Nf2 bxa3 20.bxa3 Ba4 21.Bd1 Rb8 22.
Ng4 Kh8 23.h5 Rb2 24.Rh2 Qe7 25.Nxf6 Qxf6 26.Rg2 h6 27.Kd2 Rg8 28.Kc3 Rb7 
29.Bf3 Qe7 30.f5 exf5 31.Qf4 Qe6 32.Rag1 Re7 33.Bxd5 Qf6 34.e4 Qb6 35.exf5
Rb8 36.Bxc4 f6 37.Kd2 Bxc2 38.Rxg7 Rxg7 39.Rxg7 Kxg7 40.Qg4+ Kh8 41.Kxc2 
Qb1+ 42.Kc3 Qc1+ 43.Kd3 Rc8 44.Be6 Qc2+ 45.Ke3 Rc3+ 46.Kf4 Qh2+ 47.Ke4 Rg3
48.Qd1 Qg2+ 49.Kf4 Rh3 0-1

[Event "23rd EUR-ch"]
[Site "Vrnjacka Banja SRB"]
[Date "2023.03.06"]
[Round "4.141"]
[White "Mitsis, Georgios"]
[Black "Androutsopoulos-Agiotatos, Vasil"]
[Result "1-0"]
[WhiteElo "2407"]
[BlackElo "2161"]
[EventDate "2023.03.03"]
[PlyCount "89"]

1.d4 Nf6 2.c4 e6 3.Nf3 d5 4.g3 Bb4+ 5.Bd2 a5 6.Qc2 O-O 7.Bg2 c5 8.cxd5 
cxd4 9.Nxd4 Qb6 10.e3 exd5 11.O-O Nc6 12.Nxc6 bxc6 13.Bc3 Ne4 14.Bxb4 axb4
15.Nd2 Nxd2 16.Qxd2 Bf5 17.Rfc1 Rfe8 18.Qd1 Be4 19.Qb3 h5 20.h4 Ra6 21.Rd1
Bxg2 22.Kxg2 Re4 23.Rac1 g6 24.Rc2 Qa5 25.Ra1 Kg7 26.a4 d4 27.Qd3 b3 28.
Qxe4 bxc2 29.Qxd4+ Kg8 30.b3 Rb6 31.Qd8+ Kh7 32.Rc1 Qc5 33.Qd3 Qd5+ 34.
Qxd5 cxd5 35.Rxc2 Rxb3 36.Ra2 Rb6 37.a5 Ra6 38.Kf3 Kg7 39.e4 Kf6 40.Ke3 
Ke6 41.Kd4 dxe4 42.Kxe4 f6 43.Kd4 g5 44.Kc5 Kf5 45.Ra4 1-0

[Event "23rd EUR-ch"]
[Site "Vrnjacka Banja SRB"]
[Date "2023.03.06"]
[Round "4.142"]
[White "Maksimovic, Branimir"]
[Black "Pastar, Slaven"]
[Result "1/2-1/2"]
[WhiteElo "2128"]
[BlackElo "2401"]
[EventDate "2023.03.03"]
[PlyCount "26"]

1.e4 e6 2.d4 d5 3.e5 c5 4.c3 Nc6 5.Nf3 Qb6 6.a3 Nh6 7.Bd3 cxd4 8.O-O Bd7 
9.b4 a6 10.Bb2 Nf5 11.Bxf5 exf5 12.cxd4 Be7 13.Nc3 Be6 1/2-1/2

[Event "23rd EUR-ch"]
[Site "Vrnjacka Banja SRB"]
[Date "2023.03.06"]
[Round "4.143"]
[White "Salimova, Nurgyul"]
[Black "Sherman, Reem"]
[Result "1-0"]
[WhiteElo "2392"]
[BlackElo "2126"]
[EventDate "2023.03.03"]
[PlyCount "92"]

1.d4 Nf6 2.Bf4 d5 3.e3 e6 4.Nd2 c5 5.c3 Nc6 6.Bd3 Qb6 7.Rb1 Bd7 8.h3 Ne7 
9.Ngf3 Ng6 10.Bh2 Be7 11.O-O O-O 12.Ne5 cxd4 13.exd4 Bb5 14.Bxb5 Qxb5 15.
Re1 Nxe5 16.Bxe5 Qc6 17.Re3 Ne4 18.Nxe4 dxe4 19.f3 f6 20.Bf4 g5 21.Bh2 f5 
22.Be5 Bd6 23.Bxd6 Qxd6 24.fxe4 f4 25.Rf3 e5 26.dxe5 Qg6 27.Qd5+ Kh8 28.
Qxb7 Rab8 29.Qc7 Qxe4 30.Rd1 Qg6 31.Rd6 Qg8 32.e6 Rxb2 33.Qxa7 Re8 34.Rd7 
Qg6 35.Qd4+ Kg8 36.Rd8 Re2 37.Rxe8+ Qxe8 38.Qf6 h6 39.Qxh6 Qb5 40.Qg6+ Kh8
41.Rd3 Qb6+ 42.Kh2 Rxe6 43.Qh5+ Kg8 44.Qxg5+ Rg6 45.Rd8+ Kh7 46.Qh5+ Rh6 
1-0

[Event "23rd EUR-ch"]
[Site "Vrnjacka Banja SRB"]
[Date "2023.03.06"]
[Round "4.144"]
[White "Zawadzka, Jolanta"]
[Black "Shvedova, Alexandra"]
[Result "0-1"]
[WhiteElo "2391"]
[BlackElo "2083"]
[EventDate "2023.03.03"]
[PlyCount "114"]

1.e4 c5 2.Nf3 d6 3.d4 cxd4 4.Nxd4 Nf6 5.Nc3 a6 6.g3 e5 7.Nb3 Be7 8.Bg2 O-O
9.a4 Nc6 10.O-O Nb4 11.a5 b5 12.axb6 Qxb6 13.Na5 Bg4 14.Qd2 Rac8 15.b3 Qd4
16.Nc4 Qxd2 17.Bxd2 Nxc2 18.Rxa6 Nd4 19.Rb1 Nxb3 20.Rxb3 Rxc4 21.Ra7 Bd8 
22.h3 Be6 23.Rbb7 Bc8 24.Rb8 Bc7 25.Rb2 Be6 26.Bf1 Bb8 27.Rab7 Rcc8 28.f4 
g6 29.Bg2 Kg7 30.Nd5 Nd7 31.Bb4 Rfe8 32.Ne3 Rc7 33.Ba3 Rc3 34.Nc2 Bc7 35.
Bb4 Rc6 36.f5 Bc4 37.Kh2 Nf6 38.Ne3 Ba6 39.Ra7 Bd3 40.fxg6 hxg6 41.Nd5 
Nxd5 42.exd5 Rc4 43.Bd2 Rb8 44.Rxb8 Bxb8 45.Rb7 Rc2 46.Bb4 Be4 47.Rxb8 
Rxg2+ 48.Kh1 Rxg3+ 49.Kh2 Rg2+ 50.Kh1 Bxd5 51.Bxd6 Kf6 52.Re8 Re2+ 53.Kg1 
Be6 54.h4 Kf5 55.Rb8 Kg4 56.Kf1 Kf3 57.Rb4 Rd2 0-1

[Event "23rd EUR-ch"]
[Site "Vrnjacka Banja SRB"]
[Date "2023.03.06"]
[Round "4.145"]
[White "Kostov, Deyan Samuil"]
[Black "Malcewska, Aleksandra"]
[Result "0-1"]
[WhiteElo "2120"]
[BlackElo "2388"]
[EventDate "2023.03.03"]
[PlyCount "57"]

1.d4 Nf6 2.c4 b6 3.Nc3 Bb7 4.d5 e6 5.a3 Bd6 6.Nf3 O-O 7.g3 Ba6 8.Nd2 exd5 
9.cxd5 Qe8 10.e3 Bxf1 11.Kxf1 Be5 12.Qf3 d6 13.Kg2 Nbd7 14.Na2 a5 15.Rb1 
Qc8 16.Rd1 Qb7 17.e4 b5 18.b4 a4 19.Qd3 c5 20.f4 Bd4 21.bxc5 Bxc5 22.h3 h6
23.Nc3 Ba7 24.Nxb5 Nc5 25.Qf3 Qe7 26.e5 dxe5 27.d6 e4 28.dxe7 exf3+ 29.
Nxf3 0-1

[Event "23rd EUR-ch"]
[Site "Vrnjacka Banja SRB"]
[Date "2023.03.06"]
[Round "4.146"]
[White "Korkmaz, Necmettin"]
[Black "Zajic, Milan"]
[Result "0-1"]
[WhiteElo "2106"]
[BlackElo "2387"]
[EventDate "2023.03.03"]
[PlyCount "69"]

1.d4 Nf6 2.c4 e6 3.Nc3 Bb4 4.f3 c5 5.d5 b5 6.e4 d6 7.Ne2 bxc4 8.a3 Ba5 9.
Nf4 e5 10.Ne2 Nbd7 11.Ng3 Nb6 12.Bd2 O-O 13.Nb1 Bxd2+ 14.Nxd2 Rb8 15.Be2 
h5 16.h4 g6 17.Ngf1 Bd7 18.a4 Qe8 19.Ne3 Bxa4 20.Qc1 Qd8 21.Nexc4 Nxc4 22.
Bxc4 Qd7 23.b3 Bb5 24.Bxb5 Rxb5 25.Ra6 Ne8 26.Qa3 Rb7 27.O-O Nc7 28.Rxa7 
Nb5 29.Rxb7 Qxb7 30.Qb2 Qe7 31.g3 f5 32.b4 cxb4 33.Qxb4 Nd4 34.Nb3 Nxb3 
35.Qxb3 0-1

[Event "23rd EUR-ch"]
[Site "Vrnjacka Banja SRB"]
[Date "2023.03.06"]
[Round "4.148"]
[White "Pasztor, Balazs"]
[Black "Andreev, Stanislav"]
[Result "1-0"]
[WhiteElo "2387"]
[BlackElo "2016"]
[EventDate "2023.03.03"]
[PlyCount "67"]

1.e4 c6 2.d4 d5 3.e5 Bf5 4.Be2 e6 5.Nf3 Nd7 6.O-O a5 7.a4 f6 8.Bd3 Bxd3 9.
Qxd3 fxe5 10.Ng5 Qf6 11.dxe5 Nxe5 12.Qb3 Kd7 13.Nxh7 Nf3+ 14.Kh1 Qh4 15.
Qxf3 Rxh7 16.Bf4 Bd6 17.Bxd6 Kxd6 18.h3 Nf6 19.Nd2 Rah8 20.Rae1 e5 21.c4 
Qf4 22.Qxf4 exf4 23.f3 Nh5 24.Kh2 Ng3 25.Rf2 Rh5 26.cxd5 cxd5 27.Rd1 Kc6 
28.Nb3 Re5 29.Rc2+ Kb6 30.Nc5 Ka7 31.Nd3 Rf5 32.Rc5 g5 33.Rxa5+ Kb8 34.Rb5
1-0

[Event "23rd EUR-ch"]
[Site "Vrnjacka Banja SRB"]
[Date "2023.03.06"]
[Round "4.149"]
[White "Patrelakis, Evaggelos"]
[Black "Poupalos, Nikolaos"]
[Result "1/2-1/2"]
[WhiteElo "2387"]
[BlackElo "1906"]
[EventDate "2023.03.03"]
[PlyCount "133"]

1.Nf3 d5 2.g3 Nf6 3.Bg2 e6 4.O-O Be7 5.d3 c5 6.Nbd2 Nc6 7.e4 O-O 8.Re1 Qc7
9.e5 Nd7 10.Qe2 b5 11.Nf1 Bb7 12.h4 Rac8 13.Bf4 d4 14.h5 h6 15.N3h2 Rfe8 
16.a3 Bf8 17.Qd2 Ne7 18.a4 a6 19.axb5 axb5 20.c3 dxc3 21.bxc3 Nd5 22.c4 
Nxf4 23.Qxf4 b4 24.Nd2 Bxg2 25.Kxg2 f6 26.Ndf3 Nxe5 27.Nxe5 Bd6 28.Nhg4 
fxe5 29.Qe4 Qc6 30.Qxc6 Rxc6 31.Nxe5 Bxe5 32.Rxe5 b3 33.Rb1 Rb8 34.Rb2 Rd6
35.Re3 Kf7 36.Kf3 Kf6 37.Ke2 Ra6 38.Kd2 Raa8 39.f4 Ra1 40.Kc3 Rc1+ 41.Kd2 
Rg1 42.Re5 Rxg3 43.Rxc5 Rf3 44.Rb5 Rd8 45.R5xb3 Rxf4 46.Ke3 Rf5 47.Rb5 Rf1
48.Rg2 Rd7 49.Rg6+ Kf7 50.Rg3 Ra1 51.Rf3+ Ke7 52.Kd2 Ra2+ 53.Kc3 Ra1 54.
Re3 Ra3+ 55.Kc2 Ra6 56.Kb3 Rad6 57.Kc3 Ra6 58.Rb3 Ra5 59.Rh3 Kd6 60.Rh4 
Ke7 61.d4 Rg5 62.Rb6 Rd6 63.Rb8 Rd8 64.Rb6 Rd6 65.Rb5 Rxb5 66.cxb5 Rd8 67.
Kb4 1/2-1/2

[Event "23rd EUR-ch"]
[Site "Vrnjacka Banja SRB"]
[Date "2023.03.06"]
[Round "4.150"]
[White "Butolo, Alexandru-Mircea"]
[Black "Injac, Teodora"]
[Result "0-1"]
[WhiteElo "2027"]
[BlackElo "2383"]
[EventDate "2023.03.03"]
[PlyCount "67"]

1.e4 c5 2.Nf3 d6 3.d4 cxd4 4.Nxd4 Nf6 5.Nc3 Nc6 6.Bg5 e6 7.Bb5 Qb6 8.Be3 
Qc7 9.g4 h5 10.g5 Ng4 11.Qe2 a6 12.Bxc6+ bxc6 13.h3 Nxe3 14.Qxe3 e5 15.
Nde2 Rb8 16.O-O-O Qb6 17.Qxb6 Rxb6 18.Ng3 g6 19.Nf1 Be7 20.Ne3 Be6 21.h4 
O-O 22.Rhg1 Kh7 23.Ne2 Rb4 24.f3 f6 25.gxf6 Rxf6 26.Rg3 Rb8 27.Rdg1 d5 28.
Ng2 Rbf8 29.Rg5 dxe4 30.fxe4 Rf1+ 31.Rxf1 Rxf1+ 32.Kd2 Bxg5+ 33.hxg5 Rf2 
34.Ne3 0-1

[Event "23rd EUR-ch"]
[Site "Vrnjacka Banja SRB"]
[Date "2023.03.06"]
[Round "4.151"]
[White "Velkoski, Stojan"]
[Black "Stremavicius, Pijus"]
[Result "0-1"]
[WhiteElo "1868"]
[BlackElo "2383"]
[EventDate "2023.03.03"]
[PlyCount "135"]

1.e4 Nf6 2.e5 Nd5 3.c4 Nb6 4.d4 d6 5.exd6 cxd6 6.Nc3 g6 7.Be3 Bg7 8.Rc1 
O-O 9.b3 e5 10.dxe5 dxe5 11.Qxd8 Rxd8 12.c5 N6d7 13.Bc4 Nc6 14.Ne4 Na5 15.
Bg5 Rf8 16.Bd5 h6 17.Bd2 Nc6 18.b4 Nf6 19.Nxf6+ Bxf6 20.Ne2 Bg7 21.g3 Rd8 
22.Bg2 f5 23.b5 Ne7 24.c6 bxc6 25.bxc6 e4 26.f3 Ba6 27.fxe4 Rac8 28.exf5 
Nxf5 29.Nf4 g5 30.Bd5+ Kh7 31.Be6 Nd4 32.Bxc8 Bxc8 33.Rf1 Re8+ 34.Kf2 gxf4
35.Rfe1 fxg3+ 36.hxg3 Rf8+ 37.Kg2 Nxc6 38.Bc3 Rf7 39.Rf1 Rxf1 40.Kxf1 Bf8 
41.Bd2 Bb7 42.Be3 a5 43.Kf2 Kg6 44.Rb1 Bc8 45.Rb6 Bd7 46.Rb7 Be6 47.Rb6 
Bd5 48.Ra6 Kf5 49.Bd2 h5 50.Be3 Bb4 51.Rb6 Ke4 52.Ra6 Ne5 53.Bb6 Nc6 54.a3
Bc3 55.Bc7 Kd3 56.Kg1 Kc4 57.Kh2 Kb5 58.Rb6+ Kc5 59.Ra6 Bb2 60.Bxa5 Be5 
61.Bd2 Bc7 62.Kh3 Kb5 63.Ra8 Bd8 64.Be3 Bf3 65.a4+ Kc4 66.Bd2 Kd3 67.Bf4 
Ke2 68.Kh2 0-1

[Event "23rd EUR-ch"]
[Site "Vrnjacka Banja SRB"]
[Date "2023.03.06"]
[Round "4.152"]
[White "Barseghian, Armen Ar."]
[Black "Yonal, Timur"]
[Result "0-1"]
[WhiteElo "2382"]
[BlackElo "1859"]
[EventDate "2023.03.03"]
[PlyCount "55"]

1.d4 d5 2.Nf3 e6 3.Bf4 Nf6 4.Nbd2 c5 5.e3 Nc6 6.c3 Be7 7.Bd3 O-O 8.h3 b6 
9.Qe2 Bb7 10.O-O Bd6 11.Bxd6 Qxd6 12.e4 Qe7 13.e5 Nd7 14.Rfe1 cxd4 15.cxd4
Nb4 16.Rac1 Nxd3 17.Qxd3 Rfc8 18.Nb1 a6 19.Qd2 h6 20.a4 Bc6 21.b3 b5 22.a5
b4 23.Rc2 Bb5 24.Rec1 Qf8 25.Ne1 f6 26.exf6 Nxf6 27.f3 Nh5 28.g3 0-1

[Event "23rd EUR-ch"]
[Site "Vrnjacka Banja SRB"]
[Date "2023.03.06"]
[Round "4.153"]
[White "Shadyev, Damir"]
[Black "Megalios, Konstantinos"]
[Result "0-1"]
[WhiteElo "1712"]
[BlackElo "2382"]
[EventDate "2023.03.03"]
[PlyCount "84"]

1.e4 e5 2.Nf3 Nc6 3.Bb5 g6 4.O-O Bg7 5.c3 a6 6.Ba4 Nge7 7.d4 exd4 8.cxd4 
O-O 9.Bb3 d6 10.h3 Na5 11.Bc2 b5 12.Nc3 Bb7 13.a4 b4 14.Ne2 c5 15.b3 f5 
16.Ng3 cxd4 17.Nxd4 Qb6 18.Bb2 f4 19.Nge2 d5 20.Qb1 Rad8 21.exd5 Nxd5 22.
Be4 Nc3 23.Bxc3 bxc3 24.b4 Kh8 25.Nf3 Nb3 26.Ra3 Nd2 27.Nxd2 cxd2 28.Bxb7 
Qxb7 29.Rf3 g5 30.Rd1 Rfe8 31.Nc3 Rc8 32.Qb3 Re1+ 33.Kh2 Bxc3 34.Rxc3 Rxd1
35.Rxc8+ Qxc8 36.Qxd1 Qc3 37.b5 f3 38.gxf3 Qe5+ 39.f4 Qe1 40.Qf3 d1=Q 41.
Qa8+ Kg7 42.Qg2 Qe7 0-1

[Event "23rd EUR-ch"]
[Site "Vrnjacka Banja SRB"]
[Date "2023.03.06"]
[Round "4.154"]
[White "Godena, Michele"]
[Black "Goriachkina, Oksana"]
[Result "1/2-1/2"]
[WhiteElo "2446"]
[BlackElo "1759"]
[EventDate "2023.03.03"]
[PlyCount "23"]

1.e4 e6 2.d3 d5 3.Nd2 e5 4.Ngf3 Bd6 5.g3 Nf6 6.Bg2 O-O 7.O-O Re8 8.b3 a5 
9.Bb2 a4 10.bxa4 Nbd7 11.exd5 Nxd5 12.Re1 1/2-1/2

[Event "23rd EUR-ch"]
[Site "Vrnjacka Banja SRB"]
[Date "2023.03.06"]
[Round "4.155"]
[White "Perkampus, Laurin"]
[Black "Velten, Paul"]
[Result "0-1"]
[WhiteElo "2189"]
[BlackElo "2478"]
[EventDate "2023.03.03"]
[PlyCount "46"]

1.d4 Nf6 2.c4 g6 3.Nc3 Bg7 4.e4 O-O 5.h3 d6 6.Be3 e5 7.d5 a5 8.g4 Na6 9.
Qd2 c6 10.f3 cxd5 11.cxd5 Nd7 12.h4 f5 13.gxf5 gxf5 14.Bg5 Nf6 15.h5 Nc5 
16.h6 Bh8 17.Bh4 b5 18.Nh3 b4 19.Rg1+ Kf7 20.Ng5+ Ke8 21.Nb5 Nh5 22.O-O-O 
Ba6 23.Nxh7 Qxh4 0-1

[Event "23rd EUR-ch"]
[Site "Vrnjacka Banja SRB"]
[Date "2023.03.06"]
[Round "4.156"]
[White "Safar, Sandro"]
[Black "Alexakis, Dimitris"]
[Result "1/2-1/2"]
[WhiteElo "2173"]
[BlackElo "2472"]
[EventDate "2023.03.03"]
[PlyCount "96"]

1.d4 Nf6 2.Nc3 d5 3.Bf4 c5 4.e4 cxd4 5.Qxd4 Nc6 6.Bb5 a6 7.Bxc6+ bxc6 8.
O-O-O e6 9.exd5 cxd5 10.Nf3 Bb7 11.Ne5 Qa5 12.Bg5 Qb4 13.Qe3 Rc8 14.Rhe1 
Bd6 15.Nxf7 Kxf7 16.Rd4 Qxd4 17.Qxd4 Rhe8 18.Qb6 Bc6 19.Qxa6 Bb8 20.Qd3 h6
21.Bxf6 Kxf6 22.Kb1 Kf7 23.f4 Kg8 24.g3 Rcd8 25.a4 e5 26.fxe5 Bxe5 27.Qf5 
Bxc3 28.Rxe8+ Bxe8 29.bxc3 Bxa4 30.c4 dxc4 31.Qe6+ Kh8 32.Qxc4 Be8 33.Kc1 
Bg6 34.Qe6 Kh7 35.h4 Re8 36.Qa6 Re1+ 37.Kb2 Rg1 38.Qe2 h5 39.Qf3 Rd1 40.c4
Rd6 41.c5 Rf6 42.Qe2 Kg8 43.Kc3 Kf8 44.Kd4 Be8 45.Kc4 Rh6 46.Qe4 Rf6 47.
Qb1 Rc6 48.Qb4 Kg8 1/2-1/2

[Event "23rd EUR-ch"]
[Site "Vrnjacka Banja SRB"]
[Date "2023.03.06"]
[Round "4.157"]
[White "Manukian, Sargis A."]
[Black "Royal, Shreyas"]
[Result "0-1"]
[WhiteElo "2163"]
[BlackElo "2452"]
[EventDate "2023.03.03"]
[PlyCount "99"]

1.d4 Nf6 2.c4 e6 3.Nc3 Bb4 4.a3 Bxc3+ 5.bxc3 c5 6.e3 Nc6 7.Bd3 O-O 8.Ne2 
b6 9.O-O Ba6 10.e4 Ne8 11.f4 f5 12.exf5 exf5 13.dxc5 bxc5 14.Ng3 g6 15.Be3
d6 16.Re1 Nf6 17.Bf2 Qd7 18.Qa4 Bb7 19.Rad1 Rae8 20.Be2 Qc7 21.Bf3 Kg7 22.
Nf1 Ne4 23.Bxe4 Rxe4 24.Rxe4 fxe4 25.Ne3 Ne7 26.Nd5 Bxd5 27.cxd5 Rxf4 28.
g3 Rf5 29.Qxe4 Re5 30.Qf3 h5 31.c4 Nf5 32.Re1 Rxe1+ 33.Bxe1 Qb7 34.Bc3+ 
Kh7 35.Qd1 Qe7 36.Qf3 Qe3+ 37.Kg2 Qc1 38.Kh3 Qc2 39.a4 Qxa4 40.Qe2 Qb3 41.
Ba1 Qb1 42.Bc3 Qg1 43.Bd2 a6 44.Bf4 Qd4 45.Qe8 Qf2 46.Qd7+ Ng7 47.Kh4 Qc2 
48.Kg5 Qf5+ 49.Qxf5 gxf5 50.h3 0-1

[Event "23rd EUR-ch"]
[Site "Vrnjacka Banja SRB"]
[Date "2023.03.06"]
[Round "4.159"]
[White "Bulmaga, Irina"]
[Black "Manko, Mariia"]
[Result "1-0"]
[WhiteElo "2438"]
[BlackElo "2159"]
[EventDate "2023.03.03"]
[PlyCount "55"]

1.e4 c5 2.Nf3 Nc6 3.Bb5 g6 4.O-O Bg7 5.c3 Nf6 6.Re1 O-O 7.d4 d5 8.e5 Ne4 
9.Be3 Qb6 10.Bxc6 Qxc6 11.Nbd2 cxd4 12.Nxd4 Qc7 13.f4 Nc5 14.Nb5 Qc6 15.
Bxc5 Qxc5+ 16.Nd4 b5 17.a3 a5 18.Qf3 Be6 19.Kh1 Ra6 20.b4 axb4 21.axb4 Qb6
22.N2b3 Rfa8 23.Rxa6 Qxa6 24.Qf1 Rb8 25.Nc5 Qc8 26.Ncxe6 fxe6 27.Qd3 Kf7 
28.h4 1-0

[Event "23rd EUR-ch"]
[Site "Vrnjacka Banja SRB"]
[Date "2023.03.06"]
[Round "4.160"]
[White "Noy, Eyal"]
[Black "Iliaguev, Nisim"]
[Result "1/2-1/2"]
[WhiteElo "2161"]
[BlackElo "2412"]
[EventDate "2023.03.03"]
[PlyCount "137"]

1.d4 Nf6 2.c4 e6 3.Nf3 Bb4+ 4.Bd2 Qe7 5.g3 O-O 6.Bg2 Bxd2+ 7.Qxd2 d6 8.Nc3
e5 9.O-O c6 10.e4 Bg4 11.Nh4 exd4 12.Qxd4 Qe5 13.Qe3 Be6 14.b3 Na6 15.Rad1
Rad8 16.h3 Rfe8 17.Rd2 Qc5 18.Qxc5 Nxc5 19.Rfd1 g5 20.Nf5 Bxf5 21.exf5 Kg7
22.Kf1 a5 23.Rxd6 Rxd6 24.Rxd6 h5 25.Bf3 Re5 26.g4 hxg4 27.hxg4 Re7 28.Ne2
Rd7 29.Rxd7 Nfxd7 30.Nc1 Kf6 31.Ke2 Ke5 32.Ke3 f6 33.a3 Kd6 34.b4 axb4 35.
axb4 Na6 36.c5+ Ke7 37.Na2 Nc7 38.Be4 Ne5 39.f3 Kd7 40.Bc2 Nd5+ 41.Kf2 Ke7
42.Be4 Nc7 43.Ke3 Kd7 44.Bd3 Nd5+ 45.Ke4 Kc7 46.Bc2 Nd7 47.Bb3 Nxb4 48.
Nxb4 Nxc5+ 49.Ke3 Nxb3 50.Nd3 Kd6 51.f4 gxf4+ 52.Kxf4 c5 53.g5 fxg5+ 54.
Kxg5 c4 55.Nf2 Nc5 56.Kf4 b5 57.Ke3 c3 58.Nh3 Kd5 59.f6 Kc4 60.f7 Nd7 61.
Nf4 b4 62.Nd3 Nf8 63.Ne5+ Kd5 64.Nf3 Kc4 65.Ne5+ Kb3 66.Nd3 Nh7 67.Kd4 Nf8
68.Nc1+ Kc2 69.Na2 1/2-1/2

[Event "23rd EUR-ch"]
[Site "Vrnjacka Banja SRB"]
[Date "2023.03.06"]
[Round "4.161"]
[White "Ben Ari, Yannay"]
[Black "Stoinev, Metodi"]
[Result "1-0"]
[WhiteElo "2411"]
[BlackElo "2159"]
[EventDate "2023.03.03"]
[PlyCount "70"]

1.Nf3 d5 2.g3 Nf6 3.Bg2 g6 4.c4 c6 5.Qa4 dxc4 6.Qxc4 Bg7 7.O-O Be6 8.Qc2 
h6 9.Nc3 O-O 10.d4 Nbd7 11.e4 Qa5 12.h3 Rac8 13.Rd1 Rfd8 14.Be3 Bc4 15.Nd2
Qa6 16.Nxc4 Qxc4 17.Rac1 Nb6 18.f4 Qe6 19.Bf2 Qd7 20.g4 e6 21.Qe2 Nh7 22.
a4 Qe7 23.a5 Na8 24.e5 Nc7 25.Ne4 Nd5 26.Qf3 Qb4 27.f5 exf5 28.gxf5 gxf5 
29.Qxf5 Qe7 30.a6 b6 31.Nd6 Rc7 32.Bxd5 cxd5 33.Bh4 Rxc1 34.Bxe7 Rxd1+ 35.
Kg2 Ra8 1-0